000
00255nam a2200109Ia 4500
008
220216s9999 xx 000 0 und d
100
_a
Eappen T.
245
0
_a
Rubberinte valarchayil zincinte panku
260
_b
Rubber
_c
2010
300
_a
21
942
_c
BS
999
_c
49593
_d
49593